000 00260nam a22000977a 4500
999 _c11798
_d11798
008 200217b ||||| |||| 00| 0 eng d
020 _a057006144X
100 _aPatterson Yvonne
_97479
245 _aDoubting Thomas
260 _aUSA
_bConcordia Publishing House
_c1981